The Pakistan army 1966-71 (Record no. 10701)
[ view plain ]
| 000 -LEADER | |
|---|---|
| fixed length control field | 00366 a2200133 4500 |
| 082 ## - DEWEY DECIMAL CLASSIFICATION NUMBER | |
| Classification number | 355.0095491 |
| 090 ## - LOCALLY ASSIGNED LC-TYPE CALL NUMBER (OCLC); LOCAL CALL NUMBER (RLIN) | |
| -- | 6879 |
| -- | 6879 |
| 100 ## - MAIN ENTRY--PERSONAL NAME | |
| Personal name | Riza, Shaukat |
| 245 ## - TITLE STATEMENT | |
| Title | The Pakistan army 1966-71 |
| Statement of responsibility, etc. | Shaukat Riza |
| 260 ## - PUBLICATION, DISTRIBUTION, ETC. | |
| Place of publication, distribution, etc. | Lahore |
| Name of publisher, distributor, etc. | Wajidalis private limited |
| Date of publication, distribution, etc. | 1990 |
| 300 ## - PHYSICAL DESCRIPTION | |
| Extent | 240p.: |
| Other physical details | ill. ; |
| Dimensions | 27cm. |
| 650 ## - SUBJECT ADDED ENTRY--TOPICAL TERM | |
| Topical term or geographic name entry element | Pakistan. Army --History. |
| 942 ## - ADDED ENTRY ELEMENTS (KOHA) | |
| Koha item type | Book |
| Call number prefix | 355.0095491 RIZ |
| Withdrawn status | Lost status | Damaged status | Not for loan | Permanent Location | Current Location | Total Checkouts | Full call number | Barcode | Date last seen | Price effective from | Koha item type | Source of classification or shelving scheme | Date acquired | Source of acquisition |
|---|---|---|---|---|---|---|---|---|---|---|---|---|---|---|
| Central Library (CL) | Central Library (CL) | 355.0095491 RIZ | SEECSD00426 | 11/14/2012 | 11/14/2012 | Book | ||||||||
| Central Library (CL) | Central Library (CL) | 355.0095491 RIZ | CL-D-1560 | 04/05/2022 | 04/05/2022 | Book | 04/05/2022 | Donation |
